Welcome to WEB OPAC of MRSPTU Central Library

Signals and systems (Record no. 4838)

MARC details
000 -LEADER
fixed length control field 00408nam a2200169Ia 4500
008 - FIXED-LENGTH DATA ELEMENTS--GENERAL INFORMATION
fixed length control field 230711s9999||||xx |||||||||||||| ||und||
041 ## - LANGUAGE CODE
Language code of text/sound track or separate title ENG
082 ## - DEWEY DECIMAL CLASSIFICATION NUMBER
Classification number 621
Item number HE-S
100 ## - MAIN ENTRY--PERSONAL NAME
Personal name Heykin Simon
245 #0 - TITLE STATEMENT
Title Signals and systems
250 ## - EDITION STATEMENT
Edition statement 2nd . Ed.
260 ## - PUBLICATION, DISTRIBUTION, ETC.
Date of publication, distribution, etc. 2003
Place of publication, distribution, etc. New York
Name of publisher, distributor, etc. John Wiley & Sons.Inc
300 ## - PHYSICAL DESCRIPTION
Extent 2003
650 ## - SUBJECT ADDED ENTRY--TOPICAL TERM
Topical term or geographic name entry element Electronics Engineering
700 ## - ADDED ENTRY--PERSONAL NAME
Personal name Veen,Barry Van
942 ## - ADDED ENTRY ELEMENTS (KOHA)
Koha item type Book
Holdings
Withdrawn status Lost status Damaged status Not for loan Collection Home library Current library Date acquired Total checkouts Full call number Barcode Date last seen Price effective from Koha item type Date due Date last checked out
          MRSPTU Central Library MRSPTU Central Library     621 HE-S 17109 08/17/2023 08/17/2023 Book    
          MRSPTU Central Library MRSPTU Central Library     621 HE-S 17110 08/17/2023 08/17/2023 Book    
          MRSPTU Central Library MRSPTU Central Library     621 HE-S 17111 08/17/2023 08/17/2023 Book    
          MRSPTU Central Library MRSPTU Central Library     621 HE-S 17112 08/17/2023 08/17/2023 Book    
          MRSPTU Central Library MRSPTU Central Library   1 621 HE-S 17113 08/30/2023 08/17/2023 Book 09/13/2023 08/30/2023
          MRSPTU Central Library MRSPTU Central Library     621 HE-S 17114 08/17/2023 08/17/2023 Book    

Website Designed and Developed by MRSPTU Central Library Team

E-mail Id: librarian@mrsptu.ac.in